Personnel management in government: A state in perspective (Record no. 36499)

MARC details
000 -LEADER
fixed length control field 00339nam a2200121Ia 4500
082 ## - DEWEY DECIMAL CLASSIFICATION NUMBER
Classification number 658.3
Item number ALE
100 ## - MAIN ENTRY--AUTHOR NAME
Personal name Aleem, M A
245 #0 - TITLE STATEMENT
Title Personnel management in government: A state in perspective
260 ## - PUBLICATION, DISTRIBUTION, ETC. (IMPRINT)
Place of publication New Delhi
Name of publisher Oxford & IBH
Year of publication 1981
650 ## - SUBJECT ADDED ENTRY--TOPICAL TERM
Topical Term Personnel management
942 ## - ADDED ENTRY ELEMENTS (KOHA)
Koha item type Books
Holdings
Withdrawn status Lost status Damaged status Not for loan Home library Current library Date acquired Cost, normal purchase price Full call number Accession Number Koha item type
        RRII Library RRII Library 16/12/2021 60.00 658.3 ALE 16905 Books